Online Catalogue and eLibrary

Aari pona Kayangalin Vali (Record no. 6038)

MARC details
000 -LEADER
fixed length control field 00457nam a22001577a 4500
005 - DATE AND TIME OF LATEST TRANSACTION
control field 20250509061906.0
008 - FIXED-LENGTH DATA ELEMENTS--GENERAL INFORMATION
fixed length control field 250509b |||||||| |||| 00| 0 eng d
020 ## - INTERNATIONAL STANDARD BOOK NUMBER
ISBN 9789554102712
082 ## - DDC Classification
DDC Edition Number 22
Class No. 891
Item Number - Author Mark AAR
100 ## - MAIN ENTRY--PERSONAL NAME
Personal name Vettriselvi
245 ## - TITLE STATEMENT
Title Aari pona Kayangalin Vali
260 ## - PUBLICATION, DISTRIBUTION, ETC.
Place of publication, distribution, etc. Jaffna
Name of publisher, distributor, etc. Shivaram Pathipagam
Date of publication, distribution, etc. 2016
300 ## - PHYSICAL DESCRIPTION
Extent (e.g. Volumes, Pages etc.) 182 p .,
500 ## - GENERAL NOTE
General note Pen poraalikalin pambaipadu thaduppumugaam valvu thodarbana oru varalattru pathivu
942 ## - Koha item type (Biblio)
Koha item type Books in Stacks (Lending)
Holdings
Lost status Damaged status Collection code Home library Current library Date acquired Full call number Accession Number Item type
    Lending WERC Library WERC Library 05/09/2025 891 AAR 6930 Books in Stacks (Lending)

© WERC Library